000 00242nam a2200097Ia 4500
008 230915s9999 xx 000 0 und d
050 _aQP 41.2 .T67 1995
100 _aTORLORA,GERARD J.
245 0 _aMICROBIOLOGY:AN INTRODUCTION
942 _cBK
999 _c193536
_d193536